Kỹ thuật nuôi gà thả vườn trong gia đình

Bewaard in:
Bibliografische gegevens
Hoofdauteur: Sử An Ninh...[et al.]
Formaat: Boek
Taal:Undetermined
Gepubliceerd in: Hà Nội Nông Nghiệp 1999
Onderwerpen:
Tags: Voeg label toe
Geen labels, Wees de eerste die dit record labelt!
Thư viện lưu trữ: Trung tâm Học liệu Trường Đại học Cần Thơ
LEADER 00508nam a2200169Ia 4500
001 CTU_39919
008 210402s9999 xx 000 0 und d
082 |a 636.5 
082 |b K600 
100 |a Sử An Ninh...[et al.] 
245 0 |a Kỹ thuật nuôi gà thả vườn trong gia đình 
245 0 |c Sử An Ninh...[et al.] 
260 |a Hà Nội 
260 |b Nông Nghiệp 
260 |c 1999 
650 |a poultry - breeding 
980 |a Trung tâm Học liệu Trường Đại học Cần Thơ